000 00773nam a2200181Ia 4500
001 8869
003 GE_BSU
008 181216s||||||||xx |||||||||||||| ||und||
040 _cGE_BSU
245 _aსაპატრიარქოს უწყებანი.№8(708)2014. 27თებერვალი–5 მარტი
245 _bპატრიარქის ქადაგება,ქრონიკა, ინფორმაცია და სხვა.
245 _cრედ:დეკანოზი დავით შარაშენიძე და სხვა.
260 _c2014
300 _a19გვ.29სმ.
653 _aპერიოდიკა
653 _aსაპატრიარქოს უწყებანი
942 _cCR
999 _c42176
_d42176